Slight fall in the number of vacant homes in Scotland (Record no. 83689)

MARC details
000 -LEADER
fixed length control field 00949cad a22002055a 4500
001 - CONTROL NUMBER
control field E154635
008 - FIXED-LENGTH DATA ELEMENTS--GENERAL INFORMATION
fixed length control field 120109e20111221xxk 000 0 eng u
035 ## - SYSTEM CONTROL NUMBER
System control number (Sirsi) u154635
041 0# - LANGUAGE CODE
Language code of text/sound track or separate title eng
110 2# - MAIN ENTRY--CORPORATE NAME
Corporate name or jurisdiction name as entry element Bank of Scotland
9 (RLIN) 5792
245 00 - TITLE STATEMENT
Title Slight fall in the number of vacant homes in Scotland
Medium [electronic resource]
260 ## - PUBLICATION, DISTRIBUTION, ETC.
Date of publication, distribution, etc. 2011
490 ## - SERIES STATEMENT
Series statement Bank of Scotland Press Release
Volume/sequential designation 21 December 2011
520 ## - SUMMARY, ETC.
Summary, etc. The latest yearly Bank of Scotland Vacant Property Report suggests that the number of vacant homes in Scotland fell by 0.6% to 105 649 in 2010. This is the lowest figure since 2008, and represents 4.2% of homes in Scotland.
590 ## - LOCAL NOTE (RLIN)
Local note KA
651 #4 - SUBJECT ADDED ENTRY--GEOGRAPHIC NAME
Geographic name Scotland
Chronological subdivision 1999-
690 ## - LOCAL SUBJECT ADDED ENTRY--TOPICAL TERM (OCLC, RLIN)
Topical term or geographic name as entry element PROPERTY-RESIDENTIAL PROPERTY-RESIDENTIAL PROPERTY MARKET
856 40 - ELECTRONIC LOCATION AND ACCESS
Uniform Resource Identifier <a href="https://www.lloydsbankinggroup.com/media/pdfs/bos/2011/2011_VacantHomesScotland.pdf">https://www.lloydsbankinggroup.com/media/pdfs/bos/2011/2011_VacantHomesScotland.pdf</a>
Public note View the news release free of charge at www.lloydsbankinggroup.com
942 ## - ADDED ENTRY ELEMENTS (KOHA)
Suppress in OPAC 0
Holdings
Withdrawn status Lost status Source of classification or shelving scheme Damaged status Not for loan Home library Current library Shelving location Date acquired Total Checkouts Full call number Barcode Date last seen Copy number Price effective from Koha item type
    Dewey Decimal Classification     Virtual Virtual Online 09/01/2012   ONLINE PUBLICATION 154635-2001 06/08/2019 1 06/08/2019 Journal article